Quizzes
Events
Quiz Creation
Community
Videos
Private Events
Remove Ads
Sign In
Join for FREE
Feedback
Dark Mode
Quiz Categories
Sports
Geography
Music
Movies
Television
Just For Fun
Miscellaneous
History
Literature
Language
Science
Gaming
Entertainment
Religion
Holiday
For Kids
Quiz Lab
Recent
Popular Today
Quiz Kudos Today
Editor Picks
Curator Picks
Quizzes by...
Day
Popularity
Type
Ratings
Length
Year
Community
Subscriptions
Recent Discussions
Orange Saloon
Badges
Playlists
Quests
Create
Leaderboards
Showdown
Live 5
Trivia Bingo
Activity
Puzzle Library
Sporcle Events
Private Events
Virtual Trivia
Globe League
Become a Host
Pub Owners
SporcleCon
Opinionation
Our Games
Videos
Blog
Mobile Apps
Partnerships
Remove Ads and Go Orange
Feedback
Geography
Country
Landmarks
City
State
Population
World
Capital
Continent
Flags
Europe
Africa
Asia
South America
North America
Oceania
Border
Canada
United Kingdom
Topography
United States
Geography
Country
Landmarks
City
State
Population
World
Capital
Continent
Flags
Europe
Africa
Asia
South America
North America
Oceania
Border
Canada
United Kingdom
Topography
United States
Random Quiz
Search Sporcle
×
Quiz Lab
Quiz Lab
Geography
Clickable
Select answers by clicking on text or image buttons
Select answers by clicking on text or image buttons
Clickable
Best Score? Go Orange.
Largest Cities in New York (Clickable) Stats
Can you pick the Largest Cities in New York?
By
drudacris
3m
10 Questions
476 Plays
476 Plays
476 Plays
Comments
Comments
Give Quiz Kudos
Give Quiz Kudos
-
- Ratings
hide this ad
Random Order
Randomize order of answers
Randomize order of answers
Replay
Link that replays current quiz
Next Quiz
Link to next quiz in quiz playlist
You Got
0%
They Got
Avg Score
74%
Avg Friend Score
Upgrade to see
Score Distribution
Jump to the score distribution portion of the page
Score
0/10
Timer
03:00
0
Plays Today
% Correct
New York City
98.9%
Buffalo
96.6%
Rochester
96.2%
Syracuse
95.2%
Albany
91.4%
Yonkers
85.5%
Utica
53.8%
New Rochelle
49.8%
Schenectady
49.6%
Mount Vernon
32.6%
Quiz Playlist
Details
Report
Send in Message
Add To Playlist
Clickable:
Select answers by clicking on text or image buttons
Random Order:
Randomize order of answers
Quiz Source
Last Updated: Feb 16, 2017
Quiz Scoreboard
CHALLENGE
Sign Up to Join the Scoreboard
Show All
Scores
Hide
Comments
May contain spoilers
Recently Published
Click the 1999 NBA Draft
by nibperrychub
Sports
2m
Alphabetical 'K' Countries by Flag Minefield
by ylime102
Geography
3m
Pick 6: Fruits
by JohnFran
Miscellaneous
15s
More to Explore
Quiz From the Vault
Featured Blog Post
15 Basketball Trivia Facts You Can Be March Mad About
hide this ad
You Might Also Like...
Tags
City Quiz
Clickable Quiz
New York
New York City
Today's Top Quizzes in Geography
Browse Geography
hide this ad
Today's Top Quizzes in Clickable
Browse Clickable
Top Contributed Quizzes in Geography
1
Countries of the World - No Outlines Minefield
2
Alphabetical 'L' Countries By Flag Minefield
3
Pick 6: Mountains
4
Pick 6: US States
5
Complete the Map Snippet (Minefield) IX
6
Pick 6: National Parks
7
Find the Landmarks A-Z
8
Erase Asia (No Outlines or Skips)
9
Least Populated Answer: 'G' Countries
10
Complete the Map Snippet (Minefield) XIV
Explore More
Trending Topics
Anime
Crossword
Harry Potter
Kpop
Disney
NBA
Marvel
Song
Country
NFL
WWE
Puzzle
Soccer
Pokémon
The Office
hide this ad
More By:
drudacris
Quiz
Plays
Rating
Category
Featured
Created
Korean Numbers
1,895
2.25
Language
Jan 8, 2010
Best Picture Directors
1,793
4.65
Movies
May 15, 2010
Largest Cities in Texas (Clickable)
952
4.17
Geography
Apr 2, 2012
Largest Cities in Florida (Clickable)
778
3.69
Geography
Apr 1, 2012
Largest Cities In Oregon (Clickable)
736
4.58
Geography
Apr 1, 2012
Go to Creator's Profile
Score Distribution
Quiz Creator Spotlight
drudacris
Follow
Send a Message
Quizzes Created
-
Created Quiz Play Count
-
More By This Creator
Popular Quizzes Today
1
Find the US States - No Outlines Minefield
2
Countries of Asia Without Outlines Minefield
3
Pick 6: Fruits
4
The Countries of the World
5
Alphabetical 'K' Countries by Flag Minefield
6
Click the 1999 NBA Draft
7
Match the Book to the Film X
8
Find the US States
More Geography Quizzes
-Stan Country Borders
Published
Trending Quizzes
Pick 6: Harry Potter
Pick 6: Mountains
Pick 6: NFL Teams
Pick 6: Movie Franchises
Pick 6: Golfers
Recently Updated
Women's Final Four Teams by Year
bhenderson79
Presidents Quartet II
eogle
Anything But Clue(do)
eogle
Anything But Oceanian Capitals
eogle
Anything But 7
eogle
Anything But Thing
eogle
Word Ladder: February 29
pecheneg
Song Title Questions
pecheneg
Women's NCAA Tournament #1 Seeds
pecheneg
Celebrity Mug Shots
pecheneg
Trending Topics
Harry Potter
Kpop
Crossword
Anime
NBA
Marvel
Disney
NFL
The Office
Puzzle
Song
Soccer
Country
WWE
Pokémon
Your Account Isn't Verified!
In order to create a playlist on Sporcle, you need to verify the email address you used during registration. Go to your
Sporcle Settings
to finish the process.
Report this User
Report this user for behavior that violates our
Community Guidelines
.
Details:
Send Report
Go to the Sporcle.com Mobile Site →
Comments